Paroles Encore - Tip Stevens - Statistiques

Statistiques générales
  • Ce quiz a été pris 50 fois
  • Le résultat moyen est 113 sur 136
Statistiques - réponses
Lyrics % Correct
Encore
100%
Encore,
100%
encore
100%
encore,
100%
a
90%
I
83%
In
83%
the
83%
You
83%
you
83%
animal
80%
end
80%
don't
77%
know
77%
for
70%
who's
70%
your
70%
blood
67%
J'adore
67%
on
67%
clap
63%
more
63%
more,
63%
Solo
63%
as
60%
ask
60%
give
60%
is
60%
they
60%
hands,
53%
and
50%
cry
50%
gold
50%
little
47%
plate
43%
eat
40%
Stains
40%
war
40%
long
37%
world
30%
poison
27%
Aucun quiz correspondant
Distribution des résultats
% des personnes avec chaque résultat
Percentile par nombre de réponses
Votre historique - résultats
Vous n’avez pas pris ce quiz